=LDR 00000nam 2200000 4500 =001 INLIS000000000012814 =005 20130612104312 =008 ***********************************Ind** =035 ##$$0010-061300000012814 =041 ##$$a Ind =082 ##$$a 581.634 =090 ##$$a 581.634, Tan t =100 ##$$a Tampabalon, Qswald T =245 ##$$a Tumbuhan obat bagi pencinta alam, Qswald T. Tampabalon =260 ##$$a 1995 $b Jakarta =300 ##$$a viii, 128 hlm., Ilus, 21 cm =650 ##$$a Obat =850 ##$$a NBPNMAT